| 000 | 00402cam a22001217a 4500 | ||
|---|---|---|---|
| 008 | 180718b1990 xxu||||| |||| 00| 0 eng d | ||
| 082 | _aB19x54 Sm52 | ||
| 245 |
_aBoeigns and bullock-carts: studies in change and continuity in India civilisation _cedited by Bardwell L. Smith |
||
| 260 |
_aDelhi _bChankya _c1990 |
||
| 300 | _a5 vols. | ||
| 650 | _aIndia - Social conditions | ||
| 700 | _aSmith, Bardwell L. | ||
| 999 |
_c354695 _d354695 |
||